| 000 | 00376nam a22001697a 4500 | ||
|---|---|---|---|
| 003 | SGT | ||
| 020 | _a9789354665738 | ||
| 082 |
_a610.7362 _bN23D |
||
| 100 | _aDEORARI, ASHOK K. | ||
| 245 | _aNEONATAL EQUIPMENT | ||
| 250 | _a6TH | ||
| 260 |
_aINDIA _bCBS PUB _c2023 |
||
| 300 | _a279 | ||
| 650 | _aPEDIATRIC NURSING | ||
| 653 | _aNEONATAL EQUIPMENT | ||
| 942 |
_2ddc _cBK |
||
| 999 |
_c24809 _d24809 |
||